|
|
|
|
| LEADER |
01802nam a2200421 i 4500 |
| 001 |
EBC5456062 |
| 003 |
MiAaPQ |
| 005 |
20200520144314.0 |
| 006 |
m o d | |
| 007 |
cr cnu|||||||| |
| 008 |
180817s2018 dcu o 000 0 eng d |
| 020 |
|
|
|z 9781464811555
|
| 020 |
|
|
|a 9781464811562 (e-book)
|
| 035 |
|
|
|a (MiAaPQ)EBC5456062
|
| 035 |
|
|
|a (Au-PeEL)EBL5456062
|
| 035 |
|
|
|a (OCoLC)1046620602
|
| 040 |
|
|
|a MiAaPQ
|b eng
|e rda
|e pn
|c MiAaPQ
|d MiAaPQ
|
| 043 |
|
|
|a a------
|
| 050 |
|
4 |
|a QC981.8.C5
|b .M365 2018
|
| 082 |
0 |
|
|a 551.6
|2 23
|
| 100 |
1 |
|
|a Mani, Muthukumara,
|e author.
|
| 245 |
1 |
0 |
|a South Asia's hotspots :
|b the impact of tmperature and precipitation changes on living standards /
|c Muthukumara Mani [and four others].
|
| 264 |
|
1 |
|a Washington, D. C. :
|b World Bank Group,
|c [2018]
|
| 264 |
|
4 |
|c 2018
|
| 300 |
|
|
|a 1 online resource (125 pages).
|
| 336 |
|
|
|a text
|b txt
|2 rdacontent
|
| 337 |
|
|
|a computer
|b c
|2 rdamedia
|
| 338 |
|
|
|a online resource
|b cr
|2 rdacarrier
|
| 490 |
1 |
|
|a South Asia development matters
|
| 588 |
|
|
|a Description based on print version record.
|
| 590 |
|
|
|a Electronic reproduction. Ann Arbor, MI : ProQuest, 2018. Available via World Wide Web. Access may be limited to ProQuest affiliated libraries.
|
| 650 |
|
0 |
|a Climatic changes.
|
| 650 |
|
0 |
|a Climatic changes
|z Asia
|v Case studies.
|
| 655 |
|
4 |
|a Electronic books.
|
| 776 |
0 |
8 |
|i Print version:
|a Mani, Muthukumara.
|t South Asia's hotspots : the impact of tmperature and precipitation changes on living standards.
|d Washington, D. C. : World Bank Group, c2018
|h 125 pages
|k South Asia development matters.
|z 9781464811555
|
| 797 |
2 |
|
|a ProQuest (Firm)
|
| 830 |
|
0 |
|a South Asia development matters.
|
| 856 |
4 |
0 |
|u https://ebookcentral.proquest.com/lib/matrademy/detail.action?docID=5456062
|z Click to View
|